003580000a22001210004500090001700000245005900017041001400076700002700090100002900117942001300146773006000159999001700219 aASbSeriadas10aNueva variedad de Heliopsis () de Colombia0 aEspañol1 aStuessy, Tod F.9225641 aJansen, Robert K.999304 cARTICULO1 tMutisia: Acta Botánica Colombiana3893h51q1-4d1983 c15281d15281